000 00834cam a2200241 i 4500
003 SA-RiAUC
005 20260204135758.0
008 260201s1983 ua g 000r0 ara c
040 _aSA-JeALM
_bara
_cSA-RiAUC
_erda
050 4 _bN34 1983
082 0 4 _a001.42
_qSA-RiAUC
090 _a001.42
_bن غ ش
100 1 _aنغش، محمد
_eمؤلف.
245 1 0 _aكيف تكتب بحثا أو تحقق نصا /
_cتأليف محمد نغش.
250 _aالطبعة الثانية، مزيدة ومنقحة.
264 1 _aالقاهرة :
_bمطبعة سعدي وشندي،
_c1983
300 _a56 صفحة ؛
_c24 سم
336 _aنص
_btxt
_2rdacontent
_3كتاب
337 _aبدون وسيط
_bn
_2rdamedia
650 7 _aالبحث
_2aucsh
942 _2ddc
_cBOOK
_n0
949 _aSA-JeALM
_d260201
_uosman123
_n1
999 _c14237
_d14237